Crowdfunding-alternatívny internetový zdroj financovania bakalárska práca

Na minha lista:
Detalhes bibliográficos
Autor principal: Štuller, Tomáš
Autor Corporativo: Fakulta podnikového manažmentu EU. Katedra podnikových financií
Outros Autores: Jánošová, Veronika, 1953-
Formato: Livro
Idioma:eslovaco
Publicado em: Bratislava 2022
Tags: Adicionar Tag
Sem tags, seja o primeiro a adicionar uma tag!

MARC

LEADER 00000nbm a2200000 4500
001 0285300
005 20230324133710.0
041 0 |a slo 
044 |a SK 
245 1 0 |a Crowdfunding-alternatívny internetový zdroj financovania  |b bakalárska práca  |c Tomáš Štuller ; školiteľ: Veronika Jánošová 
264 1 |a Bratislava  |c 2022 
300 |a 45 s. 
100 1 |a Štuller, Tomáš 
700 1 |a Jánošová, Veronika, 1953- 
710 2 |a Fakulta podnikového manažmentu EU. Katedra podnikových financií